Medida x Medida (Registro nro. 18940)

Detalles MARC
000 -CABECERA
Campo de control 00625nam a22002297a 4500
005 - FECHA Y HORA DE LA ULTIMA TRANSACCION
Campo de control 20180803170323.0
008 - ELEMENTOS DE LONGITUD FIJA—INFORMACION GENERAL
Campo de control 160729b xxu||||| |||| 00| 0 spa d
040 ## - FUENTE DE CATALOGACIÓN
Agencia catalogadora original CO-BoIAVH
Agencia transcriptora CO-BoIAVH
041 ## - IDIOMA
Código de idioma para texto/pista de sonido o título separado Español
044 ## - PAÍS DE PUBLICACIÓN
País de publicación Colombia
082 ## - NUMERO DE CLASIFICACION DECIMAL DEWEY
Número de clasificación 925
Número del ítem A62m
100 1# - ASIENTO PRINCIPAL--NOMBRE PERSONAL
Nombre personal Antei, Giorgio
9 (RLIN) 73764
245 10 - MENCION DE TITULO
Título Medida x Medida
Parte restante del título La Epopeya Americana de Agustín Codazzi
260 ## - PUBLICACION, DISTRIBUCION, ETC. (PIE DE IMPRENTA)
Lugar de publicación, distribución, etc. (s.l):
Nombre del editor, distribuidor, etc. (s.i),
Fecha de publicación, distribución, etc. (s.f).
300 ## - DESCRIPCION FISICA
Extensión 13 Paginas
Dimensiones 29 x 18 cm
600 ## - ASIENTO SECUNDARIO DE MATERIA - NOMBRE PERSONAL
Nombre persona Codazzi, Agustin
9 (RLIN) 73765
650 14 - ASIENTO SECUNDARIO DE MATERIA - TERMINO TEMATICO
Término temático o nombre geográfico como elemento de entrada Manuscritos
9 (RLIN) 73766
650 14 - ASIENTO SECUNDARIO DE MATERIA - TERMINO TEMATICO
Término temático o nombre geográfico como elemento de entrada Mapas
9 (RLIN) 92258
650 14 - ASIENTO SECUNDARIO DE MATERIA - TERMINO TEMATICO
Término temático o nombre geográfico como elemento de entrada Viajes
9 (RLIN) 73768
650 14 - ASIENTO SECUNDARIO DE MATERIA - TERMINO TEMATICO
Término temático o nombre geográfico como elemento de entrada Historia
9 (RLIN) 92763
942 ## - ELEMENTOS ADICIONALES (KOHA)
Sistema de clasificación Dewey Decimal Classification
Tipo de ítem Libro
Existencias
Withdrawn status Lost status Sistema de Clasificación Damaged status No para préstamo Colección Inventariado Ubicación Permanente Ubicación actual Fecha de adquisición Fuente de Valor Valor Total Checkouts Número topográfico Inventario / Código de Barras Date last seen Ejemplar Price effective from Forma de adquisición Tipo de material
    Dewey Decimal Classification     General Inventariado 2017 Bogotá Bogotá 29/07/2016 Instituto 39000.00   LB-925 A62m 042316 29/07/2016 Ej. 1 29/07/2016 Donación Libro